Najdrożsi piłkarze na świeci - Statystyki

Ogólne statystyki
  • Ten quiz został rozwiązany 167 razy
  • Średni wynik to 19 z 50
Statystyki odpowiedzi
Hint Narodowość Odpowiedź % Poprawnych
180,00 Francja Mbappe
97%
128,00 Brazylia Neymar
94%
110,00 Norwegia Haaland
91%
110,00 Egipt Salah
87%
120,00 Anglia Kane
84%
100,00 Senegal Mane
81%
80,00 Argentyna Messi
75%
85,00 Korea Południowa Son
70%
90,00 Belgia Lukaku
56%
100,00 Anglia Sterling
56%
70,00 Anglia Foden
50%
70,00 Holandia Van Dijk
49%
90,00 Słowenia Oblak
48%
75.00 Kanada Davies
45%
70,00 Hiszpania Pedri
45%
80,00 Holandia de Jong
43%
100,00 Anglia Sancho
41%
80,00 Portugalia Felix
38%
90,00 Portugalia Fernandes
37%
85,00 Anglia Rashford
37%
70,00 Szkocja Robertson
37%
70,00 Portugalia Silva
35%
90,00 Niemcy Kimmich
33%
70,00 Argentyna Martinez
32%
75,00 Holandia De ligt
31%
100,00 Anglia Arnold
28%
70,00 Niemcy Havertz
28%
70,00 Urugwaj Valverde
27%
65,00 Brazylia Alisson
26%
70,00 Niemcy Gnabry
25%
60,00 Anglia Saka
25%
100,00 Belgia Bruyne
24%
65,00 Niemcy Werner
24%
70,00 Hiszpania Dias
23%
80,00 Hiszpania Fati
23%
60,00 Brazylia Jesus
23%
60,00 Anglia Rice
23%
70,00 Niemcy Goretzka
22%
75,00 Niemcy ter Stegen
20%
70,00 Serbia Savić
19%
60,00 Brazylia Richarlison
17%
70,00 Francja Varane
17%
70,00 Brazylia Casemiro
16%
70,00 Hiszpania Rodri
14%
70,00 Brazylia Marquinhos
13%
60,00 Francja Kounde
11%
60,00 Francja Camavinga
10%
70,00 Hiszpania Llorente
8%
75,00 Belgia Courtious
1%
70,00 Hiszpania Oyrzabal
0%
Nie znaleziono quizów pasujących do podanych kryteriów
Rozkład punktacji
Procent ludzi z każdym wynikiem
Percentyl według liczby udzielonych odpowiedzi
Twoja historia wyników
Nie rozwiązałeś tego quizu